|
|
|
|
| LEADER |
00000nam a2200000 a 4500 |
| 001 |
UCY4252 |
| 003 |
CL-VaPUC |
| 008 |
950306e19500000US |||||||||||||||||eng|d |
| 082 |
0 |
4 |
|a 709.45
|b PIS
|2 21
|
| 245 |
1 |
0 |
|a Pisa, Siena, Genova: photographs scottish scenery
|
| 300 |
|
|
|a v
|
| 942 |
|
|
|c BK
|
| 945 |
|
|
|d 19950306 00:00:00
|a mfernand
|
| 260 |
|
|
|b s.n
|c 1950
|
| 500 |
|
|
|a v.9: Fotografías de arquitectura de la ciudad, esculturas, pinturas
|
| 650 |
|
0 |
|a Arte
|9 265238
|
| 650 |
|
0 |
|a Fotografía
|9 268495
|
| 651 |
|
0 |
|a Italia
|9 254949
|
| 651 |
|
7 |
|a GENOVA
|2 CL-VaPUC
|9 332648
|
| 651 |
|
7 |
|a SIENA
|2 CL-VaPUC
|9 332649
|
| 651 |
|
7 |
|a PISA
|2 CL-VaPUC
|9 332650
|
| 583 |
|
|
|a last modification
|c 20120823 10:28:29
|k Rodrigo Vera
|
| 999 |
|
|
|c 232155
|d 232153
|
| 952 |
|
|
|0 0
|1 0
|4 0
|6 709_450000000000000_PIS_1950
|7 0
|8 F
|9 236241
|a BIBARQ
|b BIBARQ
|d 2019-11-15
|h v.9
|i 3061906
|o 709.45 PIS 1950
|p 3061906
|r 2025-01-20
|w 2019-11-15
|y BK_F
|k ARQ
|